00554cam a22001812 4500001001100000005001700011008004100028020001500069040001500084100002900099245006400128250001200192260003100204300001600235650005300251650006500304852000300369000002033120151217161200.0110912s xx 000 0 eng d a0198609964 aKABUcKABU1 aPark, Chris.@000018050612aA dictionary of environment and conservation /cChris Park. a2nd ed. aOxford :bO. U. P.,c2008. avi, 522 p. 0aEnvironmental sciencevDictionareis.@0000180507 0aConservation of natural resourcesvDictionaries.@00001805081